header

A passion for this Earth (Record no. 177146)

MARC details
000 -LEADER
fixed length control field 01344nam a2200349 a 4500
245 02 - TITLE STATEMENT
Title A passion for this Earth
260 ## - PUBLICATION, DISTRIBUTION, ETC. (IMPRINT)
Place of publication Vancouver, B.C. :
Name of publisher Greystone Books :
-- David Suzuki Foundation :
-- Douglas & McIntyre Pub. Group,
Year of publication c2008.
300 ## - PHYSICAL DESCRIPTION
Number of Pages x, 230 p.
650 #0 - SUBJECT ADDED ENTRY--TOPICAL TERM
Topical Term Human ecology.
Topical Term Environmental protection.
Topical Term Nature
Topical Term Environmentalism.
Topical Term Environmental policy.
700 1# - ADDED ENTRY--PERSONAL NAME
Personal name McKibben, Bill.
Personal name Benjamin, Michelle.
856 40 - ELECTRONIC LOCATION AND ACCESS
Uniform Resource Identifier http://site.ebrary.com/lib/rucke/Doc?id=10312684

No items available.

© 2026 Rongo University
Contact us: librarian | system librarian | Rongo university